000 00682nam a22001697a 4500
999 _c80910
_d80910
008 201130b ||||| |||| 00| 0 eng d
040 _bger
_cDE-2950
_erda
_aDE-2950
041 _ager
245 _aMehr Übertragungen aus Polen als vorher.
_bCorona: Über Dreiviertel der Infektionen passieren derzeit im Privaten. Aber auch Firmen und Wichern sind betroffen.
_cThomas Gutke
653 _aFrankfurt (Oder)
653 _aPandemie / Corona
773 _dFrankfurt (Oder): Märkisches Verlags- und Druckhaus GmbH & Co KG
_g32. Jahrgang (2021) Nr. 79 vom 06.04.2021, S. 13
_tMärkische Oderzeitung
942 _cA